000 00444nam a2200157 i 4500
001 40139
003 ES-MaACL
005 20230906160141.0
007 t|
008 030305q19001999sp ||||1| spa d
100 1 _aCarcer de Montalban, Antonio de.
_935105
245 1 0 _aGeografía gráfica de España /
_cAntonio de Carcer de Montalbán.
260 _aBarcelona :
_bHymsa,
_c[19--?]
300 _a53 p. ;
_c26 cm.
852 _aES-MaACL
_jA-3380
999 _c40139
_d40139